History Quiz

Random History or Art Quiz

Art on the Farm Quiz Stats

 Plays Quiz not verified by Sporcle

Support Sporcle.
Go Orange.
Score 0/13 Timer 06:00
0 Plays Today
% Correct
Vincent van Gogh
Wheatfield with Crows
82%
Claude Monet
Wheatstacks (End of Summer)
75.2%
Grant Wood
American Gothic
74.4%
Katsushika Hokusai
Landscape with rice fields and workers
69.9%
Marc Chagall
I and the Village
62%
Thomas Gainsborough
Mr and Mrs Andrews
59%
Andrew Wyeth
Christina's World
59%
Paul Gauguin
The Haystacks
54.7%
Winslow Homer
The Veteran in a New Field
52.4%
Grandma Moses
Early Springtime on the Farm
51.9%
Jean-Fran├žois Millet
The Gleaners
51.8%
Thomas Hart Benton
Achelous and Hercules
43.1%
Pieter Bruegel the Elder
The Harvesters
38.7%

You're not logged in!

Compare scores with friends on all Sporcle quizzes.
OR
Log In

From the Vault

Top 40 Hits of 1981

by PastorFireball

In 1981, MTV changed everything.
Remove Ads.
Support Sporcle.
Get the best of Sporcle when you Go Orange. This ad-free experience offers more features, more stats, and more fun while also helping to support Sporcle. Thank you for becoming a member.

Show Comments

Extras

Top Quizzes Today


Score Distribution

Your Account Isn't Verified!

In order to create a playlist on Sporcle, you need to verify the email address you used during registration. Go to your Sporcle Settings to finish the process.

Report this User

Report this user for behavior that violates our Community Guidelines.

Details: